01215nam a2200325Ia 4500001001200000003000800012006001900020007001500039008004100054010001700095020004000112020003300152020001800185040002100203035002100224050002200245082001400267100003100281245007300312250001200385260005100397300003000448504005100478533015200529651001900681655002900700710001700729856012600746999001700872ebr10354472CaPaEBRm u cr cn|||||||||951019s1996 iauab sb s001 0 eng d z 95045200  z0813823064 (pbk. : acid-free paper) z0813823072 (acid-free paper) z9781587295492 aCaPaEBRcCaPaEBR a(OCoLC)64688773614aF621b.S38 1996eb04a977.72201 aSchwieder, Dorothy,d1933-10aIowah[electronic resource] :bthe middle land /cDorothy Schwieder. a1st ed. aIowa City :bUniversity of Iowa Press,cc1996. axv, 381 p. :bill., maps. aIncludes bibliographical references and index. aElectronic reproduction.bPalo Alto, Calif. :cebrary,d2010.nAvailable via World Wide Web.nAccess may be limited to ebrary affiliated libraries. 0aIowaxHistory. 7aElectronic books.2local2 aebrary, Inc.40uhttp://site.ebrary.com/lib/rucke/Doc?id=10354472zAn electronic book accessible through the World Wide Web; click to view c34471d34471